| 000 | 00927cam a22002653a 4500 | ||
|---|---|---|---|
| 001 | 19332 | ||
| 003 | PGUSA | ||
| 005 | 20140828083417.0 | ||
| 008 | 060919s2006||||xxu|||||s|||||000 | eng d | ||
| 040 |
_aPGUSA _beng |
||
| 042 | _adc | ||
| 050 | 4 | _aN | |
| 100 | 1 |
_aHolroyd, Charles, _cSir, _d1861-1917 |
|
| 245 | 1 | 0 |
_aMichael Angelo Buonarroti : _bWith Translations Of The Life Of The Master By His Scholar, Ascanio Condivi, And Three Dialogues From The Portugese By Francisco d'Ollanda _h[electronic resource] / _cCharles, Holroyd |
| 260 |
_bProject Gutenberg, _c2006 |
||
| 506 | _aPublic domain in the USA. | ||
| 516 | _aElectronic text | ||
| 653 | _aArtists -- Italy -- Biography | ||
| 653 | _aMichelangelo Buonarroti, 1475-1564 | ||
| 700 | 1 |
_aHollanda, Francisco de, _d1517-1584 |
|
| 700 | 1 | _aCondivi, Ascanio | |
| 830 | 0 |
_aProject Gutenberg _v19332 |
|
| 856 | 4 | 0 | _uhttp://www.gutenberg.org/ebooks/19332 |
| 942 | _cEB | ||
| 999 |
_c248587 _d248587 |
||